Pays ayant plusieurs Fuseaux Horaires - Mort Subite - Statistiques

Statistiques générales
  • Ce quiz a été pris 100 fois
  • Le résultat moyen est 5 sur 14
Answers on the Grid
Answers color-coded by a green-red scale on the quiz's grid according to % correct below.
France
Russie
Etats-Unis
Royaume-Uni
Australie
Canada
Danemark
Brésil
Nouvelle-Zélande
Mexique
Mongolie
Espagne
Pays-Bas
Indonésie
Chine
Pakistan
Iran
Inde
Allemagne
Seychelles
 
Statistiques - réponses
Réponse % Correct
Etats-Unis
73%
Russie
62%
France
55%
Canada
49%
Australie
46%
Brésil
46%
Royaume-Uni
34%
Indonésie
26%
Mongolie
23%
Mexique
20%
Danemark
19%
Espagne
14%
Nouvelle-Zélande
14%
Pays-Bas
14%
Aucun quiz correspondant
Distribution des résultats
% des personnes avec chaque résultat
Percentile par nombre de réponses
Votre historique - résultats
Vous n’avez pas pris ce quiz